| 000 | 01684nam a2200325 a 4500 | ||
|---|---|---|---|
| 001 | 000028232 | ||
| 003 | DO-SdBNP | ||
| 005 | 20251027100439.0 | ||
| 008 | 110407s2010 dr ac 001 0 spa d | ||
| 040 |
_aDO-SdBNP _bspa _cBNPHU |
||
| 082 | 4 |
_a304.82 _bF727c _222 |
|
| 111 | 2 |
_aForo Seminario Internacional en Defensa de la Ciudadanía Universal: la Resistencia de los(as) Migrantes y las Comunidades Afrodescendientes _d(2008 : _cUniversidad de Puerto Rico, Puerto Rico) _955218 |
|
| 245 | 1 | 0 |
_aCruzando fronteras : _bconvergencias entre la sociedad civil y la academia en el Caribe / _ceditor, Karin Weyland-Usama, Sara Benítez-Delgado, Liliana Cotto-Morales; prólogo, Roberto Mori. |
| 260 |
_aSanto Domingo : _bINTEC, _c2010. |
||
| 300 |
_a367 p. : _bil., retrs. ; _c23 cm. |
||
| 504 | _aIncluye bibliografía y notas al pie de páginas y al final de capítulos. | ||
| 590 | _aInventariado, 2018/VM | ||
| 650 | 4 |
_aCiudadanía _xCongresos, conferencias, etc. _9759 |
|
| 651 | 0 |
_aCaribe (Región) _xEmigración e inmigración _xCongresos, conferencias, etc. _987401 |
|
| 651 | 4 |
_aRepública Dominicana _xEmigración e inmigración _xCongresos, conferencias, etc. _955219 |
|
| 651 | 4 |
_aHaití _xEmigración e inmigración _xCongresos, conferencias, etc. _955220 |
|
| 651 | 4 |
_aPuerto Rico _xEmigración e inmigración _xCongresos, conferencias, etc. _955221 |
|
| 700 | 1 | 2 |
_aWeuland-Usama, Karin, _eed. _955222 |
| 700 | 1 | 2 |
_aBenítez-Delgado, Sara, _eed. _955223 |
| 700 | 1 | 2 |
_aCotto-Morales, Liliana, _eed. _955224 |
| 700 | 1 | 2 |
_aMori, Roberto, _epról. _955225 |
| 710 | 2 |
_aInstituto Tecnológico de Santo Domingo _978911 |
|
| 910 | _aValidado. Control de calidad EMS | ||
| 942 |
_2ddc _cLBS1 |
||
| 999 |
_c27724 _d27724 |
||